Responses for Show #749 - Thursday, December 3, 1987

Contestants

[<< previous game]

Bob Harrenga, an informational specialist originally from South Dakota

Ingrid Nuernberg, an associate consultant originally from Augsburg, West Germany

Elizabeth Holloway, a writer from New York City, New York (whose 1-day cash winnings total $8,200)

[next game >>]

Jeopardy! Round responses

SPACE & AVIATION
PROVERBS
HENRYs
1955
CLOTHING
KIDDIE LIT
    $100 7
Charles Lindbergh

Bob
    $100 6
beggars

Bob
    $100 10
Oh! Henry

Elizabeth
    $100 17
South Africa

Elizabeth
    $100 18
baby

Ingrid
    $100 1
pea

Bob
    $200 8
(Elizabeth: What is the South Pole?)

North Pole

ElizabethIngrid
    $200 13
to catch a thief

Bob
    $200 11
Henry Higgins

Elizabeth
    $200 19
common cold

Ingrid
    $200 24
hand-me-down

Elizabeth
    $200 2
(1 of) Little Men (or Jo's Boys)

Ingrid
    $300 9
parachute

Bob
    $300 14
what your right hand is doing

Ingrid
    $300 12
(Ingrid: Ohh, who is Henry Darrow?)

Patrick Henry

IngridBob
    $300 20
Brooklyn

Bob
    $300 25
camisole

Elizabeth
    $300 3
Beatrix Potter

Elizabeth
    $400 23
John Glenn

Elizabeth
    $400 28
[The end-of-round signal sounds.]

fight again another day (live to fight again another day)

Elizabeth
    $400 15
Henry Hudson

Elizabeth
    $400 21
Miss America for that year

Ingrid
    $400 26
(Ingrid: What is Sanfordizing?)
(Alex: Say it again.)
(Ingrid: What is Sanfordizing?)

Sanforizing

IngridBob
    $500 4
The Wind in the Willows

Elizabeth
    $500 27
Van Allen Belt

Bob
    $500 16
Henry Cabot Lodge

Bob
    $500 22
(Elizabeth: What is uh, Mobile, Alabama?)
...
(Alex: We've got a minute to go.)

Montgomery, Alabama

ElizabethBob
    $500 5
Cinderella

Elizabeth

Scores at the first commercial break (after clue 11):

Elizabeth Ingrid Bob
$1,400 $400 $600

Scores at the end of the Jeopardy! Round:

Elizabeth Ingrid Bob
$2,700 $700 $3,300

Double Jeopardy! Round responses

GEOGRAPHY
MATHEMATICS
MAGAZINES
GOVERNMENT & POLITICS
EPITAPHS
ROCK SUBTITLES
    $200 1
Rhine

Bob
    $200 6
Y

Elizabeth
    $200 4
Kermit

Elizabeth
    $200 15
Second Lady

Elizabeth
    $200 18
Edgar Allan Poe

Bob
    $200 17
"Sh-Boom"

Elizabeth
    $400 2
Antarctica

Ingrid
    $400 9
multiply

Bob
    $400 5
newspaper

Bob
    $400 19
FBI

Bob
    $400 24
Karl Marx

Elizabeth
    $400 22
(Ingrid: Oh, what is...oh, "Fly, Fly, Fly"?)

"Gonna Fly Now"

ElizabethIngrid
    $600 3
Straits

Elizabeth
    $600 10
plane geometry

Bob
    $600 7
Weight Watchers

Ingrid
    $1,900 20
Secretary of Agriculture

Bob
    $3,500 25
(Alex: [Before giving the clue] I want you to look over here and I will read it.)
[Alex holds up a long rubbing.]
...
(Elizabeth: Uh... who is Sir Thomas More?)
...
(Alex: We've got less than a minute to go.)

William Shakespeare

Elizabeth
    $600 23
(1 of) Sugar Pie, Honey Bunch

Triple Stumper
    $800 13
Prince Edward Island

Bob
    $800 11
1

Bob
    $800 8
(2 of) Popular Science, Popular Mechanics (Popular Photography)

Bob
    $800 21
W-4

Elizabeth
    $800 27
(Bob: Who is Henry Clay?)

Dred Scott

ElizabethBob
    $800 29
"For What It's Worth"

Triple Stumper
    $1000 14
United States & Soviet Union

Bob
    $1000 12
(Alex: You did well in that math category, congrats.)
[Applause]

calculus

Bob
    $1000 16
Sunset

Ingrid
    $1000 26
(Antonin) Scalia

Elizabeth
    $1000 28
Billy the Kid

Ingrid
    $1000 30
"In the Year 2525"

Bob

Scores at the end of the Double Jeopardy! Round:

Elizabeth Ingrid Bob
$4,000 $3,300 $12,000
(lock game)

[wagering suggestions for these scores]

Final Jeopardy! Round responses

TRAVEL & TOURISM
IngridWhat is Disney World?
$3,300
ElizabethWhat is Disney World, Epcot
$500
BobWhat is Disneyworld
$2,000
Disney World, Epcot

Final scores:

Elizabeth Ingrid Bob
$4,500 $6,600 $14,000
3rd place: Capel handwoven wool rug + Jeopardy! computerized version or box game 2nd place: Harrison Furniture oak entertainment center & Emerson VCR + Jeopardy! computerized version or box game New champion: $14,000

Game dynamics:

Coryat scores:

Elizabeth Ingrid Bob
$7,400 $3,300 $10,700
21 R
(including 1 DD),
3 W
(including 1 DD)
10 R,
3 W
24 R
(including 1 DD),
1 W

Combined Coryat: $21,400

[game clues] [game scores] [suggest correction]

Game tape date: 1987-08-31
The J! Archive is created by fans, for fans. Scraping, republication, monetization, and malicious use prohibited; this site may use cookies and collect identifying information. See terms. The Jeopardy! game show and all elements thereof, including but not limited to copyright and trademark thereto, are the property of Jeopardy Productions, Inc. and are protected under law. This website is not affiliated with, sponsored by, or operated by Jeopardy Productions, Inc. Join the discussion at JBoard.tv.